[Event "ICS rated blitz match"]
[Site "207.99.83.227"]
[Date "1999.05.07"]
[Round "?"]
[White "supernerd"]
[Black "Hossa"]
[Result "1-0"]
[WhiteElo "2349"]
[BlackElo "2422"]
[Annotator "Crafty v16.6"]
[PlyCount "80"]

{annotating for player ossa using a scoring margin of +0.20 pawns. search time
limit is 1:00} 1. d4 1... Nf6 2. f4 e6 3. e3 Ne4 4. Nf3 d5 5. Bd3 Nd7 6. O-O
Be7 7. c3 O-O ({10:-0.53} 7... O-O 8. Nbd2 Nef6 9. Ng5 c5 10. Qf3 cxd4 11. cxd4
h6 12. Nh3 12... Bd6 $14) ({10:-0.30} 7... c5 8. Nbd2 cxd4 9. cxd4 f5 10. Be2
Ndf6 11. Nxe4 fxe4 12. Ne5 Bd7 13. Bd2 $10) 8. Nbd2 f5 9. Ne5 c5 ({10:-0.33} 
9... c5 10. Nef3 cxd4 11. cxd4 b6 12. Nb3 Bb7 13. Bd2 Rc8 14. Rc1 Rxc1 15. Qxc1
$14) ({10:-0.12} 9... Nxe5 10. fxe5 Bd7 11. Qh5 c5 12. Nxe4 dxe4 13. Bc4 cxd4
14. cxd4 Rc8 15. b3 15... Bh4 $10) 10. Ndf3 Bd6 11. Bd2 c4 12. Bc2 Ndf6 ({
11:-0.71} 12... Ndf6 13. Be1 Qb6 14. Rb1 Qa5 15. a3 Qc7 16. Qe2 Nd7 17. Bh4
Nxe5 18. Nxe5 Bxe5 19. fxe5 $16) ({11:-0.48} 12... Nxe5 13. Nxe5 Bxe5 14. fxe5
Bd7 15. Bxe4 dxe4 16. Qe2 Rc8 17. Qf2 Qg5 18. Qf4 Qxf4 19. Rxf4 $14) 13. Rb1
Nxd2 14. Qxd2 Ne4 15. Qe2 Qf6 16. a3 a5 17. Kh1 b5 18. Rg1 b4 19. axb4 axb4 20.
Bxe4 fxe4 21. Ng5 h6 22. Nh3 bxc3 23. bxc3 Ra3 24. Qd2 Qf5 25. g4 Qh7 26. g5
Bxe5 ({10:-0.35} 26... Bxe5 27. g6 Qh8 28. dxe5 Rf5 29. Rgd1 Rb3 30. Qd4 Rxb1
31. Rxb1 31... Bd7 $14) ({10:-0.05} 26... Qf5 27. Nf2 Bxe5 28. dxe5 Qg6 29.
gxh6 Qxh6 30. Ng4 Qh4 31. Qd4 Kh8 32. Rb6 $10) 27. dxe5 h5 ({11:-0.30} 27... h5
28. g6 Qh6 29. Rg5 Ba6 30. Nf2 Rb3 31. Ra1 Bb5 32. Ra7 Rb1+ 33. Kg2 $10) ({
11:-0.05} 27... Qf5 28. Nf2 Qg6 29. gxh6 Qxh6 30. Ng4 Qh4 31. Nf6+ Kh8 32. Rg4
Qh3 33. Rg3 33... Qh4 $10) 28. g6 Qh6 29. Rg5 h4 30. Rbg1 Bb7 ({12:-1.65} 30...
Bb7 31. Qe2 Rxc3 32. Qg4 Bc8 33. Rh5 Rxe3 34. Rxh6 gxh6 35. Qxh4 Kg7 36. Qe7+
36... Kg8 $18) ({12:-0.72} 30... Ra5 31. Qe2 Rf5 32. Qb2 Rf8 33. R5g4 Qh5 34.
Qf2 Ra1 35. Qxh4 Qxh4 36. Rxh4 36... Ra2 $16) 31. Qe2 Rxc3 32. Rh5 Rxe3 33. Qg4
Bc8 34. Rxh6 gxh6 35. g7 Re8 36. Qg6 Rd8 37. Qxh6 Rg3 38. hxg3 hxg3 39. Rxg3
Kf7 40. Ng5+ Ke7 1-0

[Event "ICS rated blitz match"]
[Site "207.99.83.227"]
[Date "1999.05.07"]
[Round "?"]
[White "Tacita"]
[Black "Hossa"]
[Result "0-1"]
[WhiteElo "2084"]
[BlackElo "2403"]
[PlyCount "68"]

1. e4 e5 2. Nf3 Nf6 3. Bc4 Nxe4 4. Nc3 Nd6 5. Nxe5 Nxc4 6. Nxc4 d5 7. Ne5 d4 8.
Nb1 Bd6 9. Nf3 Qe7+ 10. Qe2 Qxe2+ 11. Kxe2 Nc6 12. d3 O-O 13. Re1 Bg4 14. h3
Rae8+ 15. Kf1 Bxf3 16. gxf3 Rxe1+ 17. Kxe1 Re8+ 18. Kf1 a6 19. Bg5 Nb4 20. Na3
Nd5 21. Nc4 Bf4 22. Bh4 b5 23. Na5 Nb4 24. Re1 Rxe1+ 25. Kxe1 Nxc2+ 26. Ke2 Nb4
27. a3 Na2 28. Nb3 Nc1+ 29. Nxc1 Bxc1 30. b3 Bxa3 31. Bg5 a5 32. Bd2 a4 33. b4
c5 34. bxc5 34... Bxc5 {Tacita resigns} 0-1

[Event "ICS rated blitz match"]
[Site "207.99.83.227"]
[Date "1999.05.07"]
[Round "?"]
[White "Hossa"]
[Black "UBet"]
[Result "1/2-1/2"]
[WhiteElo "2407"]
[BlackElo "2210"]
[PlyCount "133"]

1. e4 e5 2. f4 Nc6 3. Ne2 d6 4. d4 exd4 5. Nxd4 Bd7 6. Nc3 Nf6 7. Be2 Qe7 8.
Ncb5 Qxe4 9. O-O Nxd4 10. Nxc7+ Kd8 11. Bd3 Qc6 12. Nxa8 Qc8 13. Be3 Nc6 14.
Nb6 axb6 15. Bxb6+ Ke8 16. Qd2 Nd5 17. Rfe1+ Be7 18. Bf2 Nc7 19. Bh4 Kd8 20.
Bxe7+ Nxe7 21. Rad1 h6 22. Be2 d5 23. c4 Re8 24. cxd5 Nexd5 25. Bf3 Bc6 26. Re3
Rxe3 27. Qxe3 Qe6 28. Qd4 f6 29. Qc5 Qe7 30. Qc1 Qe6 31. Re1 Qd6 32. f5 Kc8 33.
a3 Kb8 34. Qc2 Nb5 35. Qc4 Nbc7 36. Kh1 Qf4 37. Qxf4 Nxf4 38. Bxc6 bxc6 39. Re7
Nd3 40. Rxg7 Nxb2 41. Rg6 Nd5 42. Rxh6 c5 43. Rh7 Kc8 44. h3 c4 45. Ra7 c3 46.
Ra5 Nd3 47. Rxd5 c2 48. Rxd3 c1=Q+ 49. Kh2 Qf4+ 50. Kg1 Qxf5 51. Rf3 Qe4 52.
Rxf6 Qd4+ 53. Rf2 Qa1+ 54. Kh2 Qxa3 55. g3 Kd7 56. Rd2+ Ke6 57. Re2+ Kf5 58.
Rf2+ Kg5 59. h4+ Kg4 60. Rf4+ Kh5 61. Rf5+ Kg6 62. Rg5+ Kh6 63. g4 Qf3 64. Rh5+
Kg6 65. Rg5+ Kh6 66. Rh5+ Kg6 67. Rg5+ {Game drawn by mutual agreement} 1/2-1/2

[Event "ICS rated blitz match"]
[Site "207.99.83.227"]
[Date "1999.05.07"]
[Round "?"]
[White "Hossa"]
[Black "supernerd"]
[Result "1-0"]
[WhiteElo "2399"]
[BlackElo "2365"]
[PlyCount "83"]

1. e4 c5 2. Nc3 Nc6 3. Nf3 g6 4. Bb5 Bg7 5. d3 Nd4 6. O-O a6 7. Ba4 b5 8. Bb3
e6 9. Bf4 Qb6 10. Nxd4 cxd4 11. Ne2 Ne7 12. Qd2 O-O 13. Bh6 Bb7 14. Bxg7 Kxg7
15. Qf4 f6 16. a4 e5 17. Qh4 Nc6 18. axb5 axb5 19. f4 d6 20. Rxa8 Bxa8 21. f5
g5 22. Qh5 Ne7 23. Ng3 Bc6 24. Ra1 Be8 25. Qg4 Qb7 26. h4 h6 27. Rf1 Rh8 28.
Nh5+ Bxh5 29. Qxh5 Rf8 30. hxg5 hxg5 31. Ra1 Qb8 32. Ra6 Qc7 33. Ra2 Qb7 34.
Ra3 Qb8 35. Be6 Qb7 36. Ra5 Qb6 37. Ra1 Qb7 38. g3 Qb6 39. Bb3 Qb7 40. Kf2 d5
41. Rh1 Rg8 42. Bxd5 {supernerd resigns} 1-0

[Event "ICS rated blitz match"]
[Site "207.99.83.227"]
[Date "1999.05.07"]
[Round "?"]
[White "supernerd"]
[Black "Hossa"]
[Result "1-0"]
[WhiteElo "2351"]
[BlackElo "2413"]
[Annotator "Crafty v16.6"]
[PlyCount "161"]

{annotating for player ossa using a scoring margin of +0.20 pawns. search time
limit is 1:00} 1. d4 1... Nf6 2. e3 g6 3. Bd3 Bg7 4. c3 O-O 5. f4 d5 6. Nf3 Ne4
({10:-0.39} 6... Ne4 7. Nbd2 Bf5 8. Bc2 Nxd2 9. Bxd2 Bxc2 10. Qxc2 c5 11. O-O
cxd4 12. cxd4 12... Nc6 $14) ({10:-0.07} 6... c5 7. O-O Nc6 8. Nbd2 cxd4 9.
cxd4 Bg4 10. Nb3 Nb4 11. Nc5 Nxd3 12. Qxd3 $10) 7. O-O Bf5 8. Qe2 Nd7 9. Nbd2
Ndf6 10. Ne5 Rc8 11. Nxe4 Nxe4 12. Bd2 c5 13. Be1 a5 14. Bh4 f6 15. Nf3 Qd7 16.
Kh1 e6 17. Rad1 c4 18. Bb1 Qa4 19. Be1 Nd6 ({9:-0.38} 19... Nd6 20. Bxf5 exf5
21. a3 Qd7 22. Nd2 Qe6 23. Kg1 Ne4 24. Nxe4 24... Qxe4 $14) ({9:-0.02} 19... g5
20. Kg1 Qb5 21. h3 Bg6 22. fxg5 fxg5 23. a4 23... Qxa4 $10) 20. a3 Bxb1 21.
Rxb1 Ne4 22. Qd1 Qxd1 23. Rxd1 Rc6 24. Nd2 f5 25. Nxe4 fxe4 26. Bh4 Rc7 27. Kg1
a4 28. g4 b5 29. Kg2 Rcf7 30. g5 Kh8 31. Bg3 Re8 32. h4 Bf8 33. h5 gxh5 34. Rh1
Bd6 35. Rxh5 Kg8 36. Rdh1 Rd7 37. Rh6 Bf8 38. R6h5 Rg7 39. Kh3 Be7 40. Kg4 Bd6
41. Rh6 Ree7 42. Rf6 Rg6 43. Rh6 Kg7 44. Bh4 Bc7 45. f5 exf5+ 46. Kxf5 Rd7 47.
Rhxg6+ hxg6+ 48. Rxg6+ Kf8 49. Rf6+ Kg8 50. Ke6 Rd8 51. g6 Bh2 52. Rf7 Rd6+ 53.
Kf5 Bg1 54. Bf6 Bf2 55. Rb7 Rxf6+ 56. Kxf6 Bh4+ 57. Ke6 Bg5 58. Kxd5 Bxe3 59.
Kxe4 Bc1 60. Rxb5 Kg7 61. Rb6 Bh6 62. Kd5 Bg5 63. Kxc4 Bc1 64. d5 Be3 65. Ra6
Bg5 66. Rxa4 Kxg6 67. Ra6+ Kf5 68. Re6 Bf4 69. a4 Bc1 70. b4 Bf4 71. a5 Kg5 72.
a6 Bb8 73. b5 Bh2 74. a7 Bg3 75. a8=Q Kf5 76. Qf8+ Kg5 77. Qf7 Kh4 78. Rg6 Kh3
79. Qf3 Kh2 80. Qxg3+ Kh1 81. Qg2# 1-0

[Event "ICS rated blitz match"]
[Site "207.99.83.227"]
[Date "1999.05.07"]
[Round "?"]
[White "Hossa"]
[Black "Storchnoi"]
[Result "1-0"]
[WhiteElo "2394"]
[BlackElo "2180"]
[PlyCount "115"]

1. e4 c6 2. Nf3 d5 3. exd5 cxd5 4. d4 Nc6 5. c3 Nf6 6. Bf4 Bg4 7. Be2 e6 8. Qb3
Bxf3 9. Bxf3 Qb6 10. Qxb6 axb6 11. O-O Kd7 12. Be5 Be7 13. Re1 Nxe5 14. dxe5
Ne8 15. Bh5 g6 16. Be2 Nc7 17. Rd1 Kc6 18. Nd2 Rhd8 19. Nf3 b5 20. a3 Ra4 21.
Nd4+ Kb6 22. Bd3 Bc5 23. Bc2 Raa8 24. Nf3 Ne8 25. Ng5 Rd7 26. Nxh7 Be7 27. Rd4
Ng7 28. Rf4 Nf5 29. Bxf5 gxf5 30. Nf6 Bxf6 31. exf6 Rg8 32. h3 Rg6 33. Kh2 Rxf6
34. g4 e5 35. Rf3 f4 36. h4 e4 37. Rh3 f3 38. Re1 Rf4 39. Kg3 Rf6 40. g5 Re6
41. h5 Rd8 42. Kf4 Rh8 43. Rd1 Kc5 44. h6 Rh7 45. Rd4 Rg6 46. Kf5 Re6 47. Rh1
Rg6 48. Rhd1 Rd6 49. b3 Kc6 50. c4 bxc4 51. bxc4 f6 52. Rxd5 Rxd5+ 53. cxd5+
Kd6 54. g6 Rxh6 55. g7 e3 56. g8=Q Rh5+ 57. Kxf6 Rxd5 58. Qxd5+ {
Storchnoi resigns} 1-0

[Event "ICS rated blitz match"]
[Site "207.99.83.227"]
[Date "1999.05.07"]
[Round "?"]
[White "attakinski"]
[Black "Hossa"]
[Result "1-0"]
[WhiteElo "2575"]
[BlackElo "2401"]
[Annotator "Crafty v16.6"]
[PlyCount "64"]

{annotating for player ossa using a scoring margin of +0.20 pawns. search time
limit is 1:00} 1. Nf3 1... d5 2. d4 c6 3. c4 dxc4 4. e3 b5 5. a4 e6 6. axb5
cxb5 7. b3 Qd5 8. bxc4 bxc4 9. Qc2 Ba6 ({9:-1.25} 9... Ba6 10. Rxa6 Nxa6 11.
Qa4+ Qd7 12. Qxa6 Bb4+ 13. Bd2 Bxd2+ 14. Nfxd2 Nf6 15. Nc3 O-O 16. Bxc4 $16) ({
9:-0.51} 9... Bb4+ 10. Bd2 Qb7 11. Bxc4 Nf6 12. Qa4+ Nc6 13. Ne5 Bxd2+ 14. Nxd2
Bd7 15. Nxd7 Qxd7 16. O-O $14) 10. Rxa6 Nxa6 11. Qa4+ Qd7 12. Qxa6 Bd6 13. Bxc4
Rb8 14. Na3 Bb4+ 15. Ke2 Bxa3 ({10:-3.76} 15... Bxa3 16. Ne5 Rb6 17. Qxa3 Qb7
18. Qa4+ Kd8 19. Ba3 f6 20. Nf3 20... Qe4 $18) ({10:-2.99} 15... Qb7 16. Qa4+
Kf8 17. Nc2 Bd6 18. Ba3 Rd8 19. Qa5 Qc8 20. Bxd6+ Rxd6 21. Qb4 21... Qc6 $18)
16. Bxa3 Rb6 17. Qa5 f6 18. Bc5 Rb2+ 19. Nd2 Rb7 ({9:-4.97} 19... Rb7 20. Qa2
Kf7 21. Ne4 Rc7 22. Nd6+ Ke7 23. Bb5 Qxd6 24. Bxd6+ 24... Kxd6 $18) ({9:-4.05} 
19... Kf7 20. Qc3 Rb8 21. Ra1 Ra8 22. Ne4 Ne7 23. Nd6+ Kg8 24. Kf1 $18) 20. Qa2
Qc6 21. Bxe6 Ne7 22. Rc1 Nc8 ({9:-7.31} 22... Nc8 23. Ba3 Qb5+ 24. Ke1 Ne7 25.
Bf7+ Kd8 26. Bxe7+ Rxe7 27. Rb1 Qd7 28. Rb8+ Kc7 29. Qxa7+ Kd6 30. Qxd7+ Rxd7
31. Rxh8 31... Rxf7 $18) ({9:-7.07} 22... Rf8 23. Nc4 Qxe6 24. Nd6+ Qxd6 25.
Bxd6 Rf7 26. Qa4+ Rd7 27. Qb5 27... a5 $18) 23. Ba3 Qa6+ 24. Qc4 Qxc4+ 25. Nxc4
Rd7 26. Ne5 fxe5 27. Rxc8+ Rd8 28. Rc7 Ra8 29. Bd6 exd4 30. Bd5 dxe3 ({
10:-14.38} 30... dxe3 31. Bxa8 Kd8 32. Rxa7 Rf8 33. Bxf8 exf2 34. Kxf2 g5 35.
Bc6 g4 36. Rxh7 $18) ({10:-9.74} 30... h5 31. Bxa8 Rh6 32. Bc6+ Kd8 33. Rd7+
Kc8 34. exd4 Rxd6 35. Rxd6 Kc7 36. Re6 36... a5 $18) 31. Bxa8 Rf8 32. Bc6+ Kd8
1-0

[Event "ICS rated blitz match"]
[Site "207.99.83.227"]
[Date "1999.05.07"]
[Round "?"]
[White "Hossa"]
[Black "IamTal"]
[Result "0-1"]
[WhiteElo "2392"]
[BlackElo "2424"]
[Annotator "Crafty v16.6"]
[PlyCount "105"]

{annotating for player ossa using a scoring margin of +0.20 pawns. search time
limit is 1:00} 1. e4 1... e6 2. d4 d5 3. Nd2 Nf6 4. e5 Nfd7 5. Ngf3 c5 6. c3
Nc6 7. Bb5 Qb6 8. Bxc6 bxc6 9. O-O cxd4 10. cxd4 c5 11. Nb3 cxd4 12. Qxd4 ({
11:-0.47} 12. Qxd4 12... Qxd4 13. Nbxd4 Ba6 14. Re1 Bc5 15. Be3 Rc8 16. Nb3 O-O
17. Bxc5 Nxc5 18. Nbd4 $15) ({11:-0.04} 12. Re1 12... d3 13. Qxd3 Bb4 14. Bd2
Ba6 15. Qd4 Qxd4 16. Nfxd4 Bxd2 17. Nxd2 $10) 12... Ba6 13. Re1 Rc8 14. Be3 ({
9:-0.38} 14. Be3 14... Qxd4 15. Bxd4 Nb6 16. Rac1 Be7 17. Rxc8+ Bxc8 18. Rc1
Kd8 19. Nc5 19... Bd7 $15) ({9:+0.31} 14. Qg4 14... Qb4 15. Nbd4 Nc5 16. a3 Qc4
17. Bg5 Nd3 18. b3 $14) 14... Qxd4 15. Bxd4 Nb6 16. Rac1 Be7 17. Rxc8+ Bxc8 18.
Rc1 Kd7 19. a4 ({10:-0.46} 19. a4 19... Nc4 20. Rc2 a5 21. Nc5+ Kd8 22. b3 Na3
23. Ra2 Nb1 24. Rc2 $15) ({10:-0.17} 19. Nc5+ 19... Kd8 20. Be3 Ke8 21. Na4
Nxa4 22. Rxc8+ Bd8 23. Ng5 Ke7 24. Bd4 24... Nb6 $10) 19... Nc4 20. Bxa7 ({
11:-0.79} 20. Bxa7 20... Nxb2 21. Nc5+ Ke8 22. Kf1 Nc4 23. Ke2 f6 24. exf6 Bxf6
25. Bb8 Bb2 26. Rc2 $17) ({11:-0.38} 20. Rc2 20... Bb7 21. Nc5+ Bxc5 22. Bxc5
Rc8 23. Bd4 h6 24. b4 Nb6 25. Rxc8 Nxc8 26. Kf1 26... Nb6 $15) 20... Nxb2 21.
Bd4 ({11:-0.99} 21. Bd4 21... Nd3 22. Rb1 Ba6 23. h4 Rc8 24. Ng5 Ke8 25. Kh2 h6
26. Nf3 $17) ({11:-0.77} 21. Nc5+ 21... Ke8 22. Nd3 Nc4 23. Rb1 g5 24. Bc5 Bxc5
25. Rb8 Bf8 26. Rxc8+ Kd7 27. Rb8 $17) 21... Nc4 22. a5 Ba6 23. Bc3 ({12:-1.30
} 23. Bc3 23... Rb8 24. Rb1 Ke8 25. Nfd4 Rc8 26. Nf3 h5 27. h3 Na3 28. Rc1
28... Nc4 $17) ({12:-0.81} 23. Nc5+ 23... Bxc5 24. Bxc5 Rb8 25. Ra1 Rb5 26. Bd4
Rxa5 27. Rxa5 Nxa5 28. Ng5 Nc6 29. Bb2 Ke7 30. Nxh7 $17) 23... Rb8 24. Nbd2
Nxd2 25. Nxd2 Rc8 26. Nb3 ({12:-3.49} 26. Nb3 26... Ba3 27. Bd2 Bxc1 28. Nxc1
Rc2 29. Be3 Bc4 30. h3 h5 31. Kh2 31... h4 $19) ({12:-1.86} 26. Bb2 $19) 26...
Bg5 27. Bd2 Rxc1+ 28. Bxc1 Bxc1 29. Nxc1 Kc6 30. Nb3 Kb5 31. Nd4+ Kxa5 32. Nc6+
Kb6 33. Nd4 h6 34. f4 Kc5 35. Nb3+ Kb4 36. Nd4 Kc3 37. Nf3 d4 38. Kf2 Bb7 39.
Ng1 d3 40. Ke3 Bxg2 41. h4 g6 42. Ne2+ dxe2 43. Kxe2 Kd4 44. Kf2 Ke4 45. Kxg2
Kxf4 46. Kf2 h5 47. Ke2 Kg3 48. Ke3 g5 49. hxg5 h4 50. Kd4 h3 51. Kc5 h2 52.
Kd6 h1=Q 53. Ke7 0-1

[Event "ICS rated blitz match"]
[Site "207.99.83.227"]
[Date "1999.05.07"]
[Round "?"]
[White "razzle"]
[Black "Hossa"]
[Result "1-0"]
[WhiteElo "2765"]
[BlackElo "2386"]
[Annotator "Crafty v16.6"]
[PlyCount "59"]

{annotating for player ossa using a scoring margin of +0.20 pawns. search time
limit is 1:00} 1. e4 1... e5 2. Nf3 Nf6 3. Nxe5 Qe7 4. Nf3 Nxe4 ({10:-1.08} 
4... Nxe4 5. Be2 d5 6. O-O Bg4 7. d3 Nf6 8. Re1 Nc6 9. Bf1 $16) ({10:-0.04} 
4... Qxe4+ 5. Be2 Be7 6. O-O O-O 7. Nc3 Qg4 8. Ne5 Qd4 9. Nf3 9... Qf4 $10) 5.
Be2 g6 ({10:-0.84} 5... g6 6. O-O Bg7 7. Bc4 O-O 8. d3 Nf6 9. Re1 Qd8 10. Nc3
$16) ({10:-0.41} 5... Qd8 6. O-O Be7 7. d3 Nf6 8. Nc3 O-O 9. Re1 Nc6 10. Bg5
$14) 6. d3 Nf6 7. O-O Bg7 8. Nc3 O-O 9. Bg5 Qb4 10. Rb1 Nc6 11. d4 Re8 12. Re1
Qa5 13. Rc1 d5 14. Bb5 Be6 15. Ne5 Ne4 16. Bxc6 Nxc3 17. Qf3 bxc6 18. Nxc6 Qxa2
19. Qxc3 Qa4 ({10:-0.83} 19... Qa4 20. b3 Qb5 21. Ne7+ Kh8 22. Qxc7 Bxd4 23.
Rcd1 Bg7 24. Qd6 24... d4 $16) ({10:-0.58} 19... Qc4 20. Qxc4 dxc4 21. c3 h6
22. Bh4 Bf8 23. Bf6 Bd5 24. Ne5 24... Rab8 $14) 20. Bf4 Bf5 ({10:-1.50} 20...
Bf5 21. b3 Qa3 22. Bxc7 Qf8 23. Rxe8 Rxe8 24. Qa5 Bd7 25. Nxa7 25... Be6 $16) (
{10:-0.61} 20... Qc4 21. Qxc4 dxc4 22. d5 Bxd5 23. Ne7+ Rxe7 24. Rxe7 Bxb2 25.
Rb1 Kf8 26. Rxc7 $14) 21. Ne7+ Rxe7 22. Rxe7 Bxd4 23. Qd2 Bxb2 24. Rce1 d4 ({
9:-4.46} 24... d4 25. Be5 Qe8 26. Rxe8+ Rxe8 27. Bf6 Re6 28. Qb4 Ba3 29. Qb8+
Bf8 30. Rxe6 fxe6 31. Bxd4 $18) ({9:-0.89} 24... Be6 25. Rxc7 Qd4 26. Qxd4 Bxd4
27. Be3 Bxe3 28. Rxe3 a5 29. Re7 29... Kg7 $16) 25. Be5 Kf8 ({8:-5.15} 25...
Kf8 26. Bf6 Bc1 27. Rxc1 Kg8 28. Rxc7 Rc8 29. Rxc8+ Bxc8 30. Bxd4 $18) ({
8:-3.05} 25... d3 $18) 26. Bf6 Bc1 27. Rxc1 g5 28. Qxg5 Bg6 29. Qh6+ Kg8 30.
Qg7# 1-0

[Event "ICS rated blitz match"]
[Site "207.99.83.227"]
[Date "1999.05.07"]
[Round "?"]
[White "Hossa"]
[Black "j724"]
[Result "1-0"]
[WhiteElo "2383"]
[BlackElo "2141"]
[PlyCount "34"]

1. e4 d6 2. d4 Nf6 3. Nc3 g6 4. Nf3 Bg7 5. Be2 O-O 6. O-O c6 7. Bg5 h6 8. Bd2
Nbd7 9. Qc1 Kh7 10. Bf4 Qc7 11. e5 Nh5 12. exd6 exd6 13. Ne4 Nxf4 14. Qxf4 Re8
15. Bd3 f5 16. Qxd6 Qb6 17. Nh4 17... fxe4 {j724 resigns} 1-0

[Event "ICS rated blitz match"]
[Site "207.99.83.227"]
[Date "1999.05.07"]
[Round "?"]
[White "PostModernist"]
[Black "Hossa"]
[Result "0-1"]
[WhiteElo "2598"]
[BlackElo "2389"]
[PlyCount "146"]

1. e4 e5 2. Nf3 Nf6 3. Nxe5 Qe7 4. Nf3 Nxe4 5. Be2 Qd8 6. d3 Nf6 7. O-O Be7 8.
Nc3 O-O 9. Bf4 d5 10. Re1 Re8 11. Qd2 c6 12. a3 Nbd7 13. Rad1 Qb6 14. Rb1 c5
15. d4 Ne4 16. Qe3 Nxc3 17. bxc3 Qg6 18. Bd3 Qe6 19. Bb5 Qxe3 20. Rxe3 a6 21.
Bxd7 Bxd7 22. Rxb7 Be6 23. a4 cxd4 24. cxd4 Rac8 25. c3 Rc4 26. a5 Ra4 27. Bc7
Ra1+ 28. Re1 Rxe1+ 29. Nxe1 Bc8 30. Rb1 Bf5 31. Rb8 Rxb8 32. Bxb8 Bd8 33. Bf4
Bxa5 34. Bd2 Bc7 35. h3 h5 36. Nf3 f6 37. Nh4 Bd3 38. g3 Kf7 39. Ng2 Be4 40.
Kh2 Ke6 41. Nf4+ Bxf4 42. Bxf4 a5 43. g4 h4 44. Be3 Bf3 45. Bd2 a4 46. Bc1 g6
47. Kg1 Be2 48. f4 f5 49. g5 Kd6 50. Bb2 Kc6 51. Kf2 Bc4 52. Kg1 Ba6 53. Ba3
Kb5 54. Bb2 Kc4 55. Ba1 a3 56. Kf2 Kd3 57. c4 dxc4 58. Ke1 Bb7 59. Kd1 Be4 60.
Kc1 c3 61. Kd1 Bd5 62. Kc1 Bb3 63. Kb1 Kd2 64. Bxc3+ Kxc3 65. d5 Bxd5 66. Ka1
Kb3 67. Kb1 Be4+ 68. Ka1 Bf3 69. Kb1 a2+ 70. Ka1 Bg4 71. hxg4 h3 72. gxf5 h2
73. fxg6 73... h1=Q# {PostModernist checkmated} 0-1

[Event "ICS Rated blitz match"]
[Site "207.99.83.227"]
[Date "1999.05.07"]
[Round "?"]
[White "Cocovitsch"]
[Black "Hossa"]
[Result "0-1"]
[WhiteElo "2275"]
[BlackElo "2414"]
[PlyCount "100"]

1. d4 d5 2. Nf3 Nf6 3. Bg5 e6 4. Nbd2 Nbd7 5. e3 Bd6 6. Bd3 O-O 7. O-O e5 8.
dxe5 Nxe5 9. Nxe5 Bxe5 10. c3 h6 11. Bh4 c5 12. Nf3 Bd6 13. c4 dxc4 14. Bxc4
Qe7 15. Qc2 Be6 16. Rad1 Rad8 17. b3 Bg4 18. Bg3 Bxg3 19. hxg3 a5 20. a4 Bxf3
21. gxf3 Qe5 22. Kg2 Qh5 23. Rh1 Qg5 24. f4 Qg4 25. Qe2 Qf5 26. Qf3 b6 27. Rxd8
Rxd8 28. Rd1 Rxd1 29. Qxd1 Qd7 30. Qxd7 Nxd7 31. e4 Nf6 32. Kf3 Ne8 33. e5 Kf8
34. Ke4 Nc7 35. Bd5 Ke7 36. f5 b5 37. f4 c4 38. axb5 cxb3 39. b6 Nxd5 40. b7 b2
41. b8=Q b1=Q+ 42. Qxb1 Nc3+ 43. Kd4 Nxb1 44. Kc4 Nd2+ 45. Kb5 h5 46. Kxa5 Ne4
47. Kb4 Nxg3 48. Kc4 h4 49. Kd3 h3 50. Ke3 50... h2 {Cocovitsch resigns} 0-1

[Event "ICS rated blitz match"]
[Site "207.99.83.227"]
[Date "1999.05.07"]
[Round "?"]
[White "Hossa"]
[Black "MarkOrr"]
[Result "1-0"]
[WhiteElo "2424"]
[BlackElo "2141"]
[PlyCount "53"]

1. e4 c6 2. Nf3 d5 3. exd5 cxd5 4. d4 Nc6 5. c3 Bg4 6. Be2 e6 7. O-O Bd6 8. Bd2
Nf6 9. Bg5 h6 10. Bh4 Qc7 11. h3 Bh5 12. g4 Bg6 13. Nbd2 Ne4 14. Nxe4 Bxe4 15.
Ne5 Nxe5 16. dxe5 Bxe5 17. f3 Bg6 18. f4 Bd6 19. f5 Bg3 20. Bb5+ Kf8 21. fxg6
f6 22. Bxf6 gxf6 23. Rxf6+ Kg8 24. Rf7 Qb6+ 25. Qd4 Qxd4+ 26. cxd4 a6 27. Bd7 {
MarkOrr resigns} 1-0

[Event "ICS Rated blitz match"]
[Site "207.99.83.227"]
[Date "1999.05.08"]
[Round "?"]
[White "thunderstorrm"]
[Black "Hossa"]
[Result "0-1"]
[WhiteElo "2311"]
[BlackElo "2429"]
[PlyCount "128"]

1. d4 Nf6 2. Nf3 e6 3. g3 d5 4. Bg2 Bd6 5. O-O O-O 6. b3 Nbd7 7. Bb2 c5 8. e3
Ne4 9. Nbd2 Ndf6 10. Ne5 Nxd2 11. Qxd2 Ne4 12. Qd3 f6 13. f3 Nxg3 14. hxg3 fxe5
15. dxe5 Bc7 16. f4 Bb6 17. c4 dxc4 18. Qxd8 Rxd8 19. bxc4 Rd2 20. Rab1 Rb8 21.
Rfd1 Rc2 22. Rdc1 Re2 23. Re1 Rxe1+ 24. Rxe1 Ba5 25. Rd1 b5 26. Ba3 bxc4 27.
Bxc5 c3 28. Rc1 Rb2 29. Bd4 Rxa2 30. Bxc3 Bxc3 31. Rxc3 Bd7 32. Rc7 Be8 33. Rc8
Kf7 34. Rc7+ Kf8 35. Bh3 Bf7 36. e4 g6 37. f5 gxf5 38. exf5 exf5 39. Bxf5 Bg6
40. Bxg6 hxg6 41. e6 a5 42. Ra7 Re2 43. Rxa5 Rxe6 44. Kf2 Ke7 45. Kf3 Kf6 46.
Kg4 Rd6 47. Kf4 Rd4+ 48. Ke3 Rb4 49. Ra6+ Kf5 50. Ra3 Kg4 51. Kf2 Rb2+ 52. Kf1
g5 53. Rd3 Kh3 54. Rd5 g4 55. Rg5 Kxg3 56. Ke1 Kf3 57. Rg7 Rb1+ 58. Kd2 g3 59.
Rf7+ Ke4 60. Re7+ Kd5 61. Re1 Rxe1 62. Kxe1 Ke4 63. Ke2 Kf4 64. Ke1 64... Ke3 {
thunderstorrm resigns} 0-1

[Event "ICS Rated blitz match"]
[Site "207.99.83.227"]
[Date "1999.05.08"]
[Round "?"]
[White "Blackuhuru"]
[Black "Hossa"]
[Result "0-1"]
[WhiteElo "2219"]
[BlackElo "2441"]
[PlyCount "42"]

1. Nf3 d5 2. c4 c6 3. e3 Nd7 4. d4 e6 5. Nc3 Ngf6 6. Qc2 Be7 7. b3 c5 8. cxd5
cxd4 9. dxe6 dxc3 10. exd7+ Bxd7 11. Qxc3 O-O 12. Qd4 Ng4 13. Bb2 Bf6 14. Qd2
Bxb2 15. Qxb2 Bc6 16. Be2 Qd6 17. h3 Bxf3 18. hxg4 Bxg2 19. Rh5 Rfd8 20. Bc4
Rac8 21. Rf5 21... Qb4+ {Blackuhuru resigns} 0-1

[Event "ICS rated blitz match"]
[Site "207.99.83.227"]
[Date "1999.05.08"]
[Round "?"]
[White "Hossa"]
[Black "Hiede"]
[Result "1-0"]
[WhiteElo "2448"]
[BlackElo "2065"]
[PlyCount "39"]

1. e4 c5 2. Nc3 d6 3. Bc4 g6 4. d4 cxd4 5. Qxd4 Nf6 6. Bb5+ Bd7 7. Bxd7+ Nbxd7
8. Nf3 Bg7 9. O-O O-O 10. Nd5 Nc5 11. Nxf6+ Bxf6 12. Qd5 e6 13. Qc4 Rc8 14. Qe2
Bg7 15. c3 Qb6 16. Be3 Qa5 17. Bf4 Qb6 18. Rad1 Rfd8 19. Kh1 Qxb2 20. Qxb2 {
Hiede resigns} 1-0

[Event "ICS rated blitz match"]
[Site "207.99.83.227"]
[Date "1999.05.08"]
[Round "?"]
[White "Rook99"]
[Black "Hossa"]
[Result "0-1"]
[WhiteElo "2333"]
[BlackElo "2451"]
[PlyCount "50"]

1. e3 e5 2. d4 exd4 3. exd4 Nf6 4. Bd3 Nc6 5. Nf3 Be7 6. O-O O-O 7. c3 Re8 8.
h3 d5 9. Bf4 Nh5 10. Bh2 Bd6 11. Ne5 Nf6 12. Nxc6 Bxh2+ 13. Kxh2 bxc6 14. Nd2
Rb8 15. b4 Qd6+ 16. g3 Qe6 17. g4 Qd6+ 18. Kg2 Qf4 19. Nb3 Bxg4 20. hxg4 Nxg4
21. Kh3 Qh2+ 22. Kxg4 h5+ 23. Kg5 f6+ 24. Kg6 Qg2+ 25. Kxh5 25... Qg5# {
Rook99 checkmated} 0-1

[Event "ICS rated blitz match"]
[Site "207.99.83.227"]
[Date "1999.05.08"]
[Round "?"]
[White "Hossa"]
[Black "cxs"]
[Result "0-1"]
[WhiteElo "2455"]
[BlackElo "2155"]
[Annotator "Crafty v16.6"]
[PlyCount "38"]

{annotating for player ossa using a scoring margin of +0.20 pawns. search time
limit is 1:00} 1. e4 1... e5 2. f4 Nc6 3. Ne2 Bc5 4. fxe5 Qh4+ 5. Ng3 d6 6. Nc3
dxe5 7. Na4 ({10:-0.95} 7. Na4 7... Nd4 8. d3 Bg4 9. Qd2 Be7 10. c3 Bg5 11. Qf2
Bxc1 12. cxd4 $17) ({10:-0.37} 7. Qh5 7... Qxh5 8. Nxh5 Nb4 9. Bb5+ Kd8 10. Ba4
g6 11. a3 Nxc2+ 12. Bxc2 gxh5 13. Nd5 $15) 7... Be7 8. Be2 ({10:-1.78} 8. Be2
8... Nf6 9. d3 Ng4 10. Bxg4 Bxg4 11. Qd2 O-O-O 12. Nc3 Bb4 13. Qe3 $19) ({
10:-0.85} 8. Qh5 8... Qxh5 9. Nxh5 Nb4 10. Bd3 Bd7 11. Nc3 g6 12. Ng3 $17) 8...
Bd7 9. O-O ({10:-1.83} 9. O-O 9... Nd4 10. Nc3 Nh6 11. Bh5 Bc5 12. Kh1 Bg4 13.
Bxg4 Nxg4 14. Qe1 $19) ({10:-1.15} 9. Nc3 9... O-O-O 10. Nd5 Nf6 11. Nxf6 Bxf6
12. c3 Be6 13. b3 Bg5 14. Bb5 $17) 9... Nf6 10. Nc3 Nd4 11. Bc4 ({9:-6.14} 11.
Bc4 11... Ng4 12. Bxf7+ Kd8 13. Qxg4 Bxg4 14. Bd5 Rb8 15. Nf5 Bxf5 16. exf5
16... Nxc2 $19) ({9:-1.40} 11. Nf5 11... Nxf5 12. exf5 O-O-O 13. Kh1 g6 14. g3
Qh3 15. Bc4 Bxf5 16. Bxf7 $17) 11... h5 12. Nd5 ({8:-2.19} 12. Nd5 12... Ng4
13. Nxc7+ Kd8 14. h3 Qxg3 15. hxg4 Kxc7 16. Rxf7 $19) ({8:-1.43} 12. Nce2 12...
Nxe2+ 13. Nxe2 Qxe4 14. d3 Bc5+ 15. Kh1 Qh4 16. Qe1 Qg4 17. Bd2 $17) 12... Ng4
13. h3 Qxg3 14. Nxc7+ Kd8 15. hxg4 Bc5 16. Rf2 hxg4 17. Ne6+ Bxe6 18. Re2 Nf3+
19. Kf1 Rh1# 0-1